Имитационная модель перекрестка с круговым движением (на примере транспортного кольца г. Томска); Информационные технологии в науке, управлении, социальной сфере и медицине; Ч. 1
| Источник: | Информационные технологии в науке, управлении, социальной сфере и медицине: сборник научных трудов III Международной научной конференции, 23-26 мая 2016 г., Томск.— , 2016 Ч. 1.— 2016.— [С. 173-176] |
|---|---|
| Главный автор: | |
| Автор-организация: | |
| Другие авторы: | |
| Примечания: | Заглавие с титульного экрана The problem of the organization of urban transport networks is very relevant. A constant increase in the number of vehicles entails an increase in traffic, which leads to reduction in capacity of the citys transport network, useless fuel consumption, wear and tear of vehicles and the negative impact on safety and the environment. Thus, it is important to improve the efficiency of regulation of urban transport system. Simulation is an effective method to make better decisions in the field of urban transport management. To work was chosen Transport ring Tomsk city. As a simulation tool was used software Anylogic, having in its composition an expanded library of road elements. |
| Язык: | русский |
| Опубликовано: |
2016
|
| Серии: | Информационные системы и технологии |
| Предметы: | |
| Online-ссылка: | http://earchive.tpu.ru/handle/11683/31559 |
| Формат: | Электронный ресурс Статья |
| Запись в KOHA: | https://koha.lib.tpu.ru/cgi-bin/koha/opac-detail.pl?biblionumber=619350 |
MARC
| LEADER | 00000naa2a2200000 4500 | ||
|---|---|---|---|
| 001 | 619350 | ||
| 005 | 20231101133045.0 | ||
| 035 | |a (RuTPU)RU\TPU\conf\17767 | ||
| 035 | |a RU\TPU\conf\17766 | ||
| 090 | |a 619350 | ||
| 100 | |a 20160818d2016 k y0rusy50 ca | ||
| 101 | 0 | |a rus | |
| 102 | |a RU | ||
| 105 | |a y z 101zy | ||
| 135 | |a drcn ---uucaa | ||
| 181 | 0 | |a i | |
| 182 | 0 | |a b | |
| 200 | 1 | |a Имитационная модель перекрестка с круговым движением (на примере транспортного кольца г. Томска) |d Simulation model of crossing with circular motion (in the case of transport ring Tomsk) |f О. К. Колесова |g науч. рук. Ю. А. Мартынова | |
| 203 | |a Текст |c электронный | ||
| 225 | 1 | |a Информационные системы и технологии | |
| 230 | |a 1 компьютерный файл (pdf; 522 Kb) | ||
| 300 | |a Заглавие с титульного экрана | ||
| 320 | |a [Библиогр.: с. 176 (2 назв.)] | ||
| 330 | |a The problem of the organization of urban transport networks is very relevant. A constant increase in the number of vehicles entails an increase in traffic, which leads to reduction in capacity of the citys transport network, useless fuel consumption, wear and tear of vehicles and the negative impact on safety and the environment. Thus, it is important to improve the efficiency of regulation of urban transport system. Simulation is an effective method to make better decisions in the field of urban transport management. To work was chosen Transport ring Tomsk city. As a simulation tool was used software Anylogic, having in its composition an expanded library of road elements. | ||
| 461 | 1 | |0 (RuTPU)RU\TPU\conf\17281 |t Информационные технологии в науке, управлении, социальной сфере и медицине |o сборник научных трудов III Международной научной конференции, 23-26 мая 2016 г., Томск |o в 2 ч. |d 2016 | |
| 463 | 1 | |0 (RuTPU)RU\TPU\conf\17283 |t Ч. 1 |f Национальный исследовательский Томский политехнический университет (ТПУ) ; ред. кол. О. Г. Берестнева ; О. М. Гергет ; Т. А. Гладкова |v [С. 173-176] |d 2016 | |
| 510 | 1 | |a Simulation model of crossing with circular motion (in the case of transport ring Tomsk) |z eng | |
| 610 | 1 | |a труды учёных ТПУ | |
| 610 | 1 | |a электронные ресурсы | |
| 610 | 1 | |a моделирование | |
| 610 | 1 | |a транспортная сеть | |
| 610 | 1 | |a круговое движение | |
| 610 | 1 | |a транспортные магистрали | |
| 610 | 1 | |a Томск | |
| 700 | 1 | |a Колесова |b О. К. | |
| 702 | 1 | |a Мартынова |b Ю. А. |c специалист в области информатики и вычислительной техники |c программист, ассистент Томского политехнического университета |f 1988- |g Юлия Алексеевна |2 stltpush |4 727 | |
| 712 | 0 | 2 | |a Национальный исследовательский Томский политехнический университет (ТПУ) |b Институт кибернетики (ИК) |b Кафедра автоматики и компьютерных систем (АИКС) |h 125 |2 stltpush |3 (RuTPU)RU\TPU\col\18698 |
| 801 | 2 | |a RU |b 63413507 |c 20160912 |g RCR | |
| 856 | 4 | |u http://earchive.tpu.ru/handle/11683/31559 | |
| 942 | |c BK | ||